LEADER 01759nam 2200361 n 450 001 996390769203316 005 20221108055247.0 035 $a(CKB)4940000000100777 035 $a(EEBO)2240920303 035 $a(UnM)9928431100971 035 $a(UnM)99834671 035 $a(EXLCZ)994940000000100777 100 $a19970505d1665 uy | 101 0 $aeng 135 $aurbn||||a|bb| 200 02$aA new primmer, wherein is demonstrated the new and living way$b[electronic resource] $eheld forth by way of question and answer, as from a child's enquiry after truth, to be informed by the father. Here being divers particulars answer'd, and plainly opened, that may be profitable both in this present age, and ages to come. Published for the benefit of all sorts of people, and may be very serviceable for every family, and of great use for young children to learn in, so soon as they can understand their language, that they in the fear of God may be instructed, and remember their creator in the dayes of their youth. For which I travel, enduring affliction for the truths sake, William Smith 210 $a[London $cs.n.]$dPrinted in the year, 1665 215 $a[8], 88 p 300 $aDate of publication suggested by Wing. 300 $aReproduction of the original at the Bodleian Library. 330 $aeebo-0014 606 $aQuakers$vEarly works to 1800 606 $aChristian literature$vEarly works to 1800 615 0$aQuakers 615 0$aChristian literature 700 $aSmith$b William$fd. 1673.$0845826 801 0$bCu-RivES 801 1$bCu-RivES 801 2$bWaOLN 906 $aBOOK 912 $a996390769203316 996 $aA new primmer, wherein is demonstrated the new and living way$92334593 997 $aUNISA LEADER 01220nam0 2200349 450 001 9910737800603321 005 20240308162850.0 010 $a979-12-5976-730-1 100 $a20230905d2023----km y0itay50 ba 101 0 $aita 102 $aIT 105 $ay 001yy 200 1 $aEmergenza e compatibilità costituzionale tra limitazione dei diritti, concentrazione dei poteri e sicurezza$fSara Lieto 210 $aNapoli$cEditoriale Scientifica$dc2023 215 $a329 p.$d23 cm 225 1 $aRicerche giuridiche$enuovissima serie$v303 610 0 $aStato di emergenza$aItalia$aDiritto costituzionale 676 $a342.4504$v23$zita 700 1$aLieto,$bSara$0513439 801 0$aIT$bUNINA$gREICAT$2UNIMARC 901 $aBK 912 $a9910737800603321 952 $aVIII A 137a$b887 cos$fDDCIC 952 $aVIII A 137b$b888 cos$fDDCIC 952 $aVIII A 137c$b889 cos$fDDCIC 952 $aVIII A 137d$b890 cos$fDDCIC 952 $aVIII A 137e$b891 cos$fDDCIC 952 $aCOLL. 357 (303)$b2023/1884$fFGBC 959 $aFGBC 959 $aDDCIC 996 $aEmergenza e compatibilità costituzionale tra limitazione dei diritti concentrazione dei poteri e sicurezza$93529462 997 $aUNINA